000 00489nam a2200169 i 4500
001 46780
003 ES-MaACL
005 20230906161439.0
007 t|
008 030401s1962 sp ||||1| spa d
245 0 0 _aConmemoración de las Juntas Generales.
260 _aVitoria :
_b[s.n.,
_c1962]
300 _a25 h., 3 lám. ;
_c28 cm.
500 _aPrecede al tít.: Diutación Foral de Alava.
710 1 _aÁlava.
_bConsejo de Cultura.
_91309
852 _aES-MaACL
_jC-26835
_bR.50615
999 _c46780
_d46780